Bureaucratic discretion : law and policy in federal regulatory agencies /

Bibliographic Details
Main Author: Bryner, Gary C., 1951-
Format: Book
Language:English
Published: New York : Pergamon Press, [1987]
Series:Pergamon government & politics series.
Subjects:

MARC

Tag First Indicator Second Indicator Subfields
LEADER 00000cam a2200000 a 4500
001 in00000023831
005 20151007054337.0
008 861210s1987 nyua b 00110 eng
010 |a  86030526  
020 |a 0080344941 :  |c $33.50 
020 |a 0080344933 (soft) :  |c $12.95 
035 |a (OCoLC)15017256 
035 |9 AAB4751AM 
040 |a DLC  |c DLC  |d TXA  |d UtOrBLW 
043 |a n-us--- 
049 |a TXAM 
050 0 0 |a KF5407  |b .B79 1987 
082 0 |a 353  |2 19 
100 1 |a Bryner, Gary C.,  |d 1951- 
245 1 0 |a Bureaucratic discretion :  |b law and policy in federal regulatory agencies /  |c Gary C. Bryner. 
264 1 |a New York :  |b Pergamon Press,  |c [1987] 
264 4 |c ©1987 
300 |a xiii, 250 pages :  |b illustrations ;  |c 24 cm. 
336 |a text  |b txt  |2 rdacontent 
337 |a unmediated  |b n  |2 rdamedia 
338 |a volume  |b nc  |2 rdacarrier 
490 1 |a Pergamon government & politics series 
504 |a Includes bibliographical references (pages 219-246) and index. 
536 |a Dr. Paul P. Van Riper Collecton, Department of Political Science, 2004. 
650 0 |a Administrative discretion  |z United States. 
650 0 |a Administrative procedure  |z United States. 
830 0 |a Pergamon government & politics series. 
999 |a MARS 
999 f f |s 8dd3da71-2883-3501-ab4b-13b20378018a  |i b9e611ef-d949-3c17-a6ce-0c70e7117157  |t 0 
952 f f |p ric  |a Texas A&M University  |b Rellis Campus  |c Joint Library Facility  |d Remote Storage  |t 0  |e KF5407 .B79 1987  |h Library of Congress classification  |i unmediated -- volume  |m A14811086456 
998 f f |a KF5407 .B79 1987  |t 0  |l Remote Storage